La depreciación monetaria y el régimen de las obligaciones contractuales

Guardat en:
Dades bibliogràfiques
Autor principal: Risolia, Marco Aurelio (Autor)
Format: Llibre
Idioma:espanyol
Publicat: Buenos Aires Abeledo-Perrot 1960
Col·lecció:Monografías Jurídicas, 21
Matèries:
Etiquetes: Afegir etiqueta
Sense etiquetes, Sigues el primer a etiquetar aquest registre!

MARC

LEADER 00000cam a2200000 a 4500
001 UCD3578
003 CL-VaPUC
008 160609e19600110ag |||||||||||||||||spa|d
082 0 4 |a 346.82022  |b RIS  |2 21 
100 0 |a Risolia, Marco Aurelio  |e author  |9 587096 
245 1 3 |a La depreciación monetaria y el régimen de las obligaciones contractuales 
300 |a 101 p 
942 |c BK 
945 |d 20160609 22:21:00  |a arojas 
260 |a Buenos Aires  |b Abeledo-Perrot  |c 1960 
650 0 |a Código civil argentino  |9 395109 
650 0 |a Obligaciones contractuales  |9 386117 
650 7 |a DEPRECIACION ECONOMICA  |2 CL-VaPUC  |9 587097 
651 0 |a Argentina  |9 254888 
583 |a last modification  |c 20160609 22:21:00  |k Rodrigo Vera 
490 0 |a Monografías Jurídicas, 21 
999 |c 364614  |d 364612 
952 |0 0  |1 0  |3 erb  |4 0  |6 346_820220000000000_RIS_1960  |7 0  |8 A  |9 478162  |a BIBDER  |b BIBDER  |i 5313295  |o 346.82022 RIS 1960  |p 5313295  |r 2023-01-25  |w 2019-11-24  |y BK  |z Catalogado en:20160609  |k DER